[Event "XXXIX Festival A Epifania"]
[Site "Torino ITA"]
[Date "2012.01.05"]
[Round "1"]
[White "Artero, Carlo"]
[Black "Passerotti, Pierluigi"]
[WhiteElo "1806"]
[BlackElo "2248"]
[Result "0-1"]
[PlyCount "50"]
[EventDate "2012.01.05"]

1. e4 e6 2. d3 d5 3. Nd2 c5 4. Ngf3 Nc6 5. g3 Bd6 6. Bg2 Nge7 7. O-O O-O 8. Re1
Qc7 9. Nf1 Bd7 10. h4 b5 11. N1h2 Rad8 12. Ng4 f5 13. e5 fxg4 14. exd6 Qxd6 15.
Bf4 Rxf4 16. gxf4 gxf3 17. Qxf3 Nd4 18. Qd1 Qxf4 19. c3 Rf8 20. cxd4 Qxf2+ 21.
Kh2 Qxh4+ 22. Kg1 Qxd4+ 23. Kh1 Qh4+ 24. Kg1 Qf2+ 25. Kh1 Rf4 0-1

[Event "XXXIX Festival A Epifania"]
[Site "Torino ITA"]
[Date "2012.01.06"]
[Round "3"]
[White "Faraoni, Enrico"]
[Black "D'Agostino, Maurizio"]
[WhiteElo "2098"]
[BlackElo "2031"]
[Result "1-0"]
[PlyCount "45"]
[EventDate "2012.01.05"]

1. f4 d6 2. Nf3 Bg4 3. e4 Nd7 4. Bc4 e6 5. Nc3 c6 6. O-O b5 7. Bb3 Qb6+ 8. d4
a6 9. f5 Ngf6 10. fxe6 fxe6 11. h3 Bxf3 12. Qxf3 e5 13. Ne2 exd4 14. Nf4 Ne5
15. Qg3 Nxe4 16. Qe1 Nc5 17. Bf7+ Kd7 18. b4 Nb7 19. Nd3 Be7 20. Nxe5+ dxe5 21.
Qxe5 Bd6 22. Be6+ Ke8 23. Qxg7 1-0

[Event "XXXIX Festival A Epifania"]
[Site "Torino ITA"]
[Date "2012.01.06"]
[Round "3"]
[White "Martin, Tiziano"]
[Black "De Barberis, Massimo"]
[WhiteElo "1977"]
[BlackElo "2087"]
[Result "1/2-1/2"]
[PlyCount "95"]
[EventDate "2012.01.05"]

1. d4 Nf6 2. Nf3 e6 3. Nbd2 d5 4. e3 Be7 5. Bd3 b6 6. c3 O-O 7. Qe2 Bb7 8. Ne5
Ne4 9. f3 Nxd2 10. Bxd2 Nd7 11. f4 Nf6 12. O-O Ne4 13. f5 exf5 14. Rxf5 g6 15.
Rff1 Bd6 16. Bxe4 dxe4 17. Ng4 f6 18. c4 Qe7 19. Bc3 Bc8 20. d5 Bxg4 21. Qxg4
f5 22. Qe2 Bc5 23. Kh1 Qg5 24. Rae1 a5 25. Be5 Qe7 26. Bc3 Rae8 27. a3 Bd6 28.
Qd2 Qh4 29. Rf4 Bxf4 30. exf4 Rf7 31. Qd4 Kf8 32. g3 Qh5 33. Re3 h6 34. b4 axb4
35. Bxb4+ Kg8 36. Bc3 Kh7 37. d6 c5 38. Qd5 g5 39. fxg5 hxg5 40. d7 Rd8 41. g4
fxg4 42. Qxe4+ Qg6 43. Qxg4 Rfxd7 44. Rh3+ Kg8 45. Rh8+ Kf7 46. Qf3+ Ke7 47.
Qe3+ Kf7 48. Qf3+ 1/2-1/2

[Event "XXXIX Festival A Epifania"]
[Site "Torino ITA"]
[Date "2012.01.07"]
[Round "4"]
[White "Barbiso, Tiziana"]
[Black "Melone, Antonio"]
[WhiteElo "2062"]
[BlackElo "2083"]
[Result "0-1"]
[PlyCount "72"]
[EventDate "2012.01.05"]

1. e4 c5 2. Nf3 d6 3. d3 g6 4. g3 Bg7 5. Bg2 Nf6 6. O-O O-O 7. h3 Nc6 8. Kh2
Rb8 9. Nh4 b5 10. f4 Qc7 11. Nc3 b4 12. Ne2 Nd7 13. f5 Ba6 14. Nf4 Nb6 15. Qg4
Ne5 16. Qd1 g5 17. Nh5 gxh4 18. Rf4 hxg3+ 19. Kh1 f6 20. Rh4 Rf7 21. Nf4 Nbd7
22. Ne6 Qa5 23. Qh5 Nf8 24. Bh6 Bxh6 25. Qxh6 b3 26. cxb3 Bxd3 27. Rg1 Nxe6 28.
fxe6 Rg7 29. Bf1 Bxf1 30. Rxg3 Rxg3 31. Qxh7+ Kf8 32. Qh6+ Rg7 33. Qh8+ Rg8 34.
Qh6+ Ke8 35. Qh7 Rf8 36. Qg7 Qd2 0-1

[Event "XXXIX Festival A Epifania"]
[Site "Torino ITA"]
[Date "2012.01.07"]
[Round "4"]
[White "Fassio, Luca"]
[Black "Faraoni, Enrico"]
[WhiteElo "2078"]
[BlackElo "2098"]
[Result "0-1"]
[PlyCount "110"]
[EventDate "2012.01.05"]

1. e4 c5 2. c3 e6 3. d4 d5 4. exd5 exd5 5. Nf3 Nc6 6. Be2 c4 7. b3 cxb3 8. axb3
Bd6 9. O-O Nge7 10. Bg5 h6 11. Bh4 O-O 12. Bg3 Bf5 13. Na3 Ng6 14. Qd2 Be4 15.
Bxd6 Qxd6 16. Nb5 Qb8 17. c4 Nf4 18. c5 Ne6 19. Nd6 b6 20. b4 a5 21. b5 bxc5
22. Nxe4 dxe4 23. bxc6 exf3 24. Bxf3 Nxd4 25. Rxa5 Qd6 26. Qc3 Rxa5 27. Qxa5
Nxf3+ 28. gxf3 Qxc6 29. Rc1 Rc8 30. Rc4 Qd5 31. Qc3 Rc6 32. Rg4 Rg6 33. h3 Kh7
34. Kf1 f5 35. Rg3 Qd1+ 36. Kg2 Qd4 37. Qxd4 cxd4 38. f4 d3 39. Kf1 Rd6 40. Ke1
Rd4 41. Kd2 Rxf4 42. f3 Rd4 43. Rg1 g5 44. Ra1 Kg6 45. Ke3 Rd6 46. Rd1 Kh5 47.
f4 d2 48. Kf2 Kh4 49. fxg5 hxg5 50. Kg2 Rd3 51. Kg1 Kxh3 52. Kf1 f4 53. Kf2 Kg4
54. Ke2 Rd4 55. Kf2 Kf5 0-1

[Event "XXXIX Festival A Epifania"]
[Site "Torino ITA"]
[Date "2012.01.08"]
[Round "5"]
[White "Bonino, Matteo"]
[Black "Finocchiaro, Gianluca"]
[WhiteElo "1896"]
[BlackElo "2082"]
[Result "0-1"]
[PlyCount "84"]
[EventDate "2012.01.05"]

1. d4 d6 2. e4 Nf6 3. Nc3 c6 4. Bf4 Qa5 5. Qd2 e5 6. Bg3 Nbd7 7. f3 Be7 8. Bc4
O-O 9. Nge2 b5 10. Bb3 Qc7 11. O-O a5 12. a3 Bb7 13. Bf2 b4 14. axb4 axb4 15.
Rxa8 Rxa8 16. Nd1 c5 17. dxc5 dxc5 18. Ne3 Nb6 19. Nc4 Ba6 20. Nxb6 Qxb6 21.
Re1 Rd8 22. Qe3 Qd6 23. Ng3 g6 24. c4 Qe6 25. Qc1 Ne8 26. Nf1 Rd3 27. Bc2 Rd8
28. Bb3 Rc8 29. Qc2 Bg5 30. Be3 Be7 31. Bf2 Nc7 32. Ne3 Qc6 33. Ba4 Qa8 34. b3
Ne6 35. Nd5 Qa7 36. Ra1 Qb7 37. Bd7 Qxd7 38. Rxa6 Nd4 39. Bxd4 cxd4 40. Nb6 d3
41. Qd2 Bc5+ 42. Kf1 Qd4 0-1

[Event "XXXIX Festival A Epifania"]
[Site "Torino ITA"]
[Date "2012.01.08"]
[Round "5"]
[White "Faraoni, Enrico"]
[Black "Melone, Antonio"]
[WhiteElo "2098"]
[BlackElo "2083"]
[Result "0-1"]
[PlyCount "98"]
[EventDate "2012.01.05"]

1. e4 c5 2. b3 d6 3. Bb2 Nf6 4. Bc4 e6 5. Qe2 Nc6 6. Bb5 Bd7 7. Nf3 a6 8. Bxc6
Bxc6 9. Nc3 b5 10. e5 Nh5 11. Qe3 g6 12. exd6 Bxd6 13. O-O-O Ng7 14. Ne4 Bxe4
15. Qxe4 O-O 16. g4 c4 17. h4 cxb3 18. axb3 Qe7 19. Kb1 a5 20. h5 Ba3 21. Bc3
Bb4 22. Bb2 Ba3 23. hxg6 fxg6 24. Bxa3 Qxa3 25. Rxh7 Kxh7 26. Ng5+ Kh6 27. f4
Qe7 28. Rh1+ Nh5 29. gxh5 gxh5 30. Qf3 Qe8 31. Nxe6 Rf5 32. Nd4 Rf6 33. f5 Rd8
34. Qf4+ Kh7 35. Ne6 Rd7 36. Qg5 Rh6 37. d4 Qg8 38. Qf4 Re7 39. d5 Qg4 40. Qe5
a4 41. Nf8+ Kg8 42. Qxe7 axb3 43. Qe3 Qxf5 44. Rg1+ Kf7 45. Qa7+ Kxf8 46. Qb8+
Kf7 47. Qc7+ Kf8 48. Qd8+ Kf7 49. Qc7+ 49... Kf8 $138 0-1

[Event "XXXIX Festival A Epifania"]
[Site "Torino ITA"]
[Date "2012.01.08"]
[Round "6"]
[White "Melone, Antonio"]
[Black "Gallucci, Alessio"]
[WhiteElo "2083"]
[BlackElo "2240"]
[Result "1-0"]
[PlyCount "119"]
[EventDate "2012.01.05"]

1. d4 d5 2. c4 e5 3. dxe5 d4 4. g3 Nc6 5. Nf3 Nge7 6. Bg2 Ng6 7. O-O Ngxe5 8.
Nxe5 Nxe5 9. Nd2 Bg4 10. Nf3 Nxf3+ 11. exf3 Be6 12. f4 c6 13. Re1 Be7 14. Re4
c5 15. b4 O-O 16. bxc5 Rc8 17. c6 bxc6 18. Rxd4 Qxd4 19. Qxd4 Bf6 20. Qc5 Bxa1
21. f5 Bd5 22. cxd5 cxd5 23. Qa3 Rc3 24. Qxa7 Rxc1+ 25. Bf1 Rd1 26. Qa4 Rc1 27.
Kg2 Bf6 28. g4 h6 29. Qb4 Rc3 30. h4 Rc2 31. Qb3 Rb2 32. Qxd5 Rd8 33. Qc5 Bxh4
34. Bc4 Bxf2 35. Bxf7+ Kxf7 36. Qc7+ Ke8 37. Qe5+ Kf8 38. Qxb2 Bd4 39. Qb7 Bf6
40. a4 Rd2+ 41. Kf3 Rd3+ 42. Ke2 Ra3 43. Qb8+ Kf7 44. a5 Ra2+ 45. Kd3 Ra3+ 46.
Kc4 Rc3+ 47. Kd5 Rd3+ 48. Ke4 Rd4+ 49. Kf3 Rd3+ 50. Ke2 Rd7 51. a6 Bd4 52. Qb5
Re7+ 53. Kd3 Ba7 54. Qc6 Re3+ 55. Kd2 Re7 56. Qg6+ Kf8 57. f6 Be3+ 58. Kd3 gxf6
59. Qxf6+ Ke8 60. Qxe7+ 1-0

[Event "XXXIX Festival A Epifania"]
[Site "Torino ITA"]
[Date "2012.01.08"]
[Round "6"]
[White "Passerotti, Pierluigi"]
[Black "Faraoni, Enrico"]
[WhiteElo "2248"]
[BlackElo "2098"]
[Result "1-0"]
[PlyCount "79"]
[EventDate "2012.01.05"]

1. d4 Nf6 2. c4 g6 3. Nc3 Bg7 4. e4 d6 5. Be2 O-O 6. Nf3 e5 7. O-O Nc6 8. d5
Ne7 9. Ne1 Nd7 10. f3 f5 11. g4 Nf6 12. Nd3 f4 13. h4 h5 14. g5 Nh7 15. Rf2 c6
16. Bd2 b5 17. dxc6 bxc4 18. Nb4 Be6 19. Qf1 a5 20. Bxc4 axb4 21. Bxe6+ Kh8 22.
Nd5 Nxc6 23. Nxb4 Nd4 24. Bd5 Rb8 25. a3 Qb6 26. Kg2 Rfc8 27. Rc1 Nf8 28. Rxc8
Rxc8 29. Qa6 Qd8 30. Bc3 Nfe6 31. Bxe6 Nxe6 32. Rd2 Nd4 33. Nd5 Ra8 34. Qb7 Ne6
35. Qf7 Nxg5 36. Qxg6 Nh7 37. Qxh5 Bf6 38. Nxf6 Qxf6 39. Rxd6 Rg8+ 40. Kf1 1-0

[Event "XXIX Open Eporediese"]
[Site "Ivrea ITA"]
[Date "2012.02.04"]
[Round "2"]
[White "Bosticardo, Tommaso"]
[Black "Ranieri, Fabrizio"]
[WhiteElo "1774"]
[BlackElo "2276"]
[Result "1-0"]
[PlyCount "75"]
[EventDate "2012.01.26"]

1. d4 d5 2. c4 e6 3. Nc3 c6 4. e3 Nf6 5. Nf3 Nbd7 6. Qc2 Be7 7. Bd3 O-O 8. O-O
a6 9. Ne5 dxc4 10. Nxc4 h6 11. e4 b5 12. Ne3 c5 13. d5 Ne5 14. Be2 Bb7 15. f4
Ned7 16. dxe6 fxe6 17. Qb3 Qb6 18. e5 Ne4 19. Ncd5 exd5 20. Nxd5 Qd8 21. Nxe7+
Kh7 22. Qe6 c4 23. Bg4 Qb6+ 24. Qxb6 Nxb6 25. Bf5+ g6 26. Bxg6+ Kg7 27. Re1 Nc5
28. Be3 Nbd7 29. Rad1 Rad8 30. Bc2 Be4 31. Bxe4 Nxe4 32. Nc6 Nxe5 33. Nxd8 Re8
34. fxe5 Kg6 35. Bxh6 Nc5 36. Rd6+ Kf5 37. Rf1+ Ke4 38. Rf4+ 1-0

[Event "XXIX Open Eporediese"]
[Site "Ivrea ITA"]
[Date "2012.02.04"]
[Round "2"]
[White "Motto, Alexis"]
[Black "Bozza, Alberto"]
[WhiteElo "1709"]
[BlackElo "1589"]
[Result "1-0"]
[PlyCount "57"]
[EventDate "2012.01.26"]

1. d4 d5 2. c4 e6 3. Nc3 Nf6 4. Bg5 Nbd7 5. e3 Be7 6. cxd5 Nxd5 7. Bxe7 Qxe7 8.
Nf3 O-O 9. e4 Nxc3 10. bxc3 c5 11. Bd3 cxd4 12. cxd4 e5 13. d5 f5 14. O-O Kh8
15. Qc2 Nc5 16. Rfe1 fxe4 17. Bxe4 Nxe4 18. Qxe4 Bf5 19. Qxe5 Qd7 20. Nd4 Rad8
21. Ne6 Bxe6 22. dxe6 Qe7 23. Rac1 Rd6 24. Rcd1 Rfd8 25. Rxd6 Rxd6 26. Qxd6
Qxd6 27. e7 Qxe7 28. Rxe7 Kg8 29. Rxb7 1-0

[Event "XXIX Open Eporediese"]
[Site "Ivrea ITA"]
[Date "2012.02.04"]
[Round "2"]
[White "Pane, Gabriele"]
[Black "Bellafiore, Enzo"]
[WhiteElo "1538"]
[BlackElo "1798"]
[Result "0-1"]
[PlyCount "52"]
[EventDate "2012.01.26"]

1. d4 d5 2. c4 e6 3. Nc3 a6 4. cxd5 exd5 5. Nf3 Nf6 6. Bg5 Be7 7. e3 c6 8. Qc2
Nbd7 9. Bd3 h6 10. Bh4 O-O 11. O-O-O Re8 12. Rhe1 Nf8 13. h3 Be6 14. Ne5 Rc8
15. f4 c5 16. f5 Bd7 17. Nxd7 Qxd7 18. Bxf6 Bxf6 19. dxc5 Rxc5 20. Kb1 Qc7 21.
Rc1 Qg3 22. Qd2 Bg5 23. Ne2 Rxc1+ 24. Qxc1 Qxe3 25. Qxe3 Rxe3 26. Bc2 d4 0-1

[Event "XXIX Open Eporediese"]
[Site "Ivrea ITA"]
[Date "2012.02.04"]
[Round "2"]
[White "Paonessa, Denis"]
[Black "Giachino, Adriano"]
[WhiteElo "1844"]
[BlackElo "1664"]
[Result "1-0"]
[PlyCount "73"]
[EventDate "2012.01.26"]

1. d4 d5 2. c4 e5 3. dxe5 d4 4. Nf3 Nc6 5. g3 Bc5 6. Bg2 Bg4 7. O-O Qd7 8. Nbd2
h5 9. Nb3 Be7 10. Nbxd4 h4 11. Nxc6 Qxc6 12. Nxh4 Qxc4 13. Nf3 Qe4 14. Bf4 Rd8
15. Qb3 Qh7 16. h4 Qf5 17. Rfd1 Rb8 18. Rac1 c6 19. e6 fxe6 20. Bxb8 Nf6 21.
Qxb7 Kf7 22. Ng5+ Kf8 23. Qc8+ Ne8 24. Nxe6+ Qxe6 25. Qxe6 Bxe6 26. Rxc6 Kf7
27. b3 Nf6 28. Bxa7 Rh5 29. Rc7 Ra5 30. Rd2 Rf5 31. b4 Ng4 32. Bc5 Ne5 33.
Rxe7+ Kf6 34. Rxe6+ Kxe6 35. Bh3 g6 36. Bxf5+ gxf5 37. a4 1-0

[Event "XXIX Open Eporediese"]
[Site "Ivrea ITA"]
[Date "2012.02.09"]
[Round "3"]
[White "Bellafiore, Enzo"]
[Black "Paonessa, Denis"]
[WhiteElo "1798"]
[BlackElo "1844"]
[Result "1-0"]
[PlyCount "51"]
[EventDate "2012.01.26"]

1. d4 Nf6 2. Bf4 c5 3. e3 Qb6 4. dxc5 Qxb2 5. Nd2 Nc6 6. Ngf3 Qc3 7. Bc4 e5 8.
Bg3 Bxc5 9. O-O O-O 10. Rb1 d6 11. Rb3 Qa5 12. Rb5 Qd8 13. Bh4 a6 14. Rb1 d5
15. Bxf6 gxf6 16. Nb3 dxc4 17. Nxc5 Qe7 18. Ne4 Rd8 19. Qe2 b5 20. a4 Bf5 21.
Ng3 Bg4 22. h3 Bxf3 23. Qxf3 Nb4 24. Nf5 Qf8 25. Qg4+ Kh8 26. Rxb4 1-0

[Event "XXIX Open Eporediese"]
[Site "Ivrea ITA"]
[Date "2012.02.09"]
[Round "3"]
[White "Bogatto, Mario"]
[Black "Agostino, Pietro"]
[WhiteElo "1423"]
[BlackElo "1505"]
[Result "0-1"]
[PlyCount "92"]
[EventDate "2012.01.26"]

1. c4 e5 2. Nc3 Nf6 3. Nf3 d6 4. e3 c6 5. Be2 Be7 6. d4 e4 7. Nd2 d5 8. c5 b6
9. b4 Na6 10. a3 Nc7 11. f3 exf3 12. Nxf3 Na6 13. Ne5 Nb8 14. Bf3 Nfd7 15. Nd3
O-O 16. O-O Re8 17. Nf4 Bg5 18. Nce2 Ba6 19. Re1 Nf6 20. Nc3 Nbd7 21. Qa4 Bb7
22. Qd1 Ba6 23. Bd2 Ne4 24. Nxe4 dxe4 25. Be2 Bxe2 26. Rxe2 Nf6 27. Be1 Nd5 28.
Nh3 Bxe3+ 29. Kh1 Qf6 30. Bd2 Bxd2 31. Qxd2 e3 32. Qb2 Rab8 33. Kg1 bxc5 34.
Rf1 Qxd4 35. Qc2 Nc3 36. Rd1 Nxe2+ 37. Qxe2 Qe5 38. g3 cxb4 39. Nf4 b3 40. Nd3
Qb5 41. Rb1 Qa6 42. Rb2 Qxa3 43. Kg2 Qa6 44. Qd1 Red8 45. Rxb3 Rxb3 46. Qxb3
Qxd3 0-1

[Event "XXIX Open Eporediese"]
[Site "Ivrea ITA"]
[Date "2012.02.09"]
[Round "3"]
[White "Bozza, Alberto"]
[Black "Giachino, Adriano"]
[WhiteElo "1589"]
[BlackElo "1664"]
[Result "1-0"]
[PlyCount "75"]
[EventDate "2012.01.26"]

1. e4 c5 2. Nf3 Nc6 3. d4 cxd4 4. Nxd4 Nf6 5. Nc3 g6 6. Be3 Bg7 7. Qd2 O-O 8.
f3 d6 9. O-O-O a6 10. Nxc6 bxc6 11. e5 Nd7 12. exd6 e6 13. Bh6 Rb8 14. Bxg7
Kxg7 15. Qd4+ e5 16. Qa4 Qb6 17. Qa3 Qe3+ 18. Kb1 Nb6 19. Bd3 Be6 20. h4 Bc4
21. Be4 Nd5 22. Bxd5 cxd5 23. Rhe1 Qf4 24. Nxd5 Qg3 25. Ne3 Be6 26. b3 Qxh4 27.
c4 Rfc8 28. d7 Bxd7 29. Qd6 Be6 30. Qxe5+ Kg8 31. Rh1 Qf2 32. Rxh7 Kf8 33. Rh8+
Ke7 34. Nd5+ Kd7 35. Nb6+ Kc6 36. Nxc8 Bf5+ 37. Ka1 Qc5 38. Rd6+ 1-0

[Event "XXIX Open Eporediese"]
[Site "Ivrea ITA"]
[Date "2012.02.09"]
[Round "3"]
[White "Gennaro, Isabella"]
[Black "Chiarotto, Filippo"]
[WhiteElo "1632"]
[BlackElo "2082"]
[Result "0-1"]
[PlyCount "66"]
[EventDate "2012.01.26"]

1. e4 e6 2. d4 c5 3. Be3 cxd4 4. Bxd4 Nc6 5. Nf3 Nxd4 6. Nxd4 a6 7. Nc3 Qc7 8.
Be2 Bb4 9. Qd2 Nf6 10. Bf3 O-O 11. O-O d6 12. Nde2 Bd7 13. a3 Bc5 14. Rad1 a5
15. Nf4 Bc6 16. Rfe1 Nd7 17. Nd3 Ne5 18. Nxe5 dxe5 19. Be2 Qb6 20. Bd3 Rad8 21.
Rb1 Bd4 22. Kf1 f5 23. exf5 exf5 24. Bc4+ Kh8 25. a4 h6 26. Qe2 e4 27. Kg1 Qc5
28. Nb5 Bxf2+ 29. Qxf2 Qxc4 30. b3 Qb4 31. Nc7 Rd2 32. Re2 Rxe2 33. Qxe2 Qb6+
0-1

[Event "XXIX Open Eporediese"]
[Site "Ivrea ITA"]
[Date "2012.02.09"]
[Round "3"]
[White "Pane, Gabriele"]
[Black "Motto, Alexis"]
[WhiteElo "1538"]
[BlackElo "1709"]
[Result "0-1"]
[PlyCount "62"]
[EventDate "2012.01.26"]

1. d4 Nf6 2. c4 g6 3. Nc3 d5 4. cxd5 Nxd5 5. e4 Nxc3 6. bxc3 Bg7 7. Bc4 c5 8.
Ne2 O-O 9. O-O Nc6 10. Be3 Qa5 11. Qb3 a6 12. a4 Qc7 13. Qc2 Rd8 14. d5 Ne5 15.
Bf4 Qd7 16. Bxe5 Bxe5 17. f4 Bg7 18. Rf3 Qc7 19. Ng3 Bg4 20. Rf2 Qa5 21. h3 Bd7
22. Rf3 b5 23. Be2 bxa4 24. f5 Rab8 25. fxg6 hxg6 26. Ra3 c4 27. Kh2 Rb3 28.
Rxb3 cxb3 29. Qb2 Rb8 30. Qa3 Kf8 31. d6 e6 0-1

[Event "XXIX Open Eporediese"]
[Site "Ivrea ITA"]
[Date "2012.02.09"]
[Round "3"]
[White "Ranieri, Fabrizio"]
[Black "Castaldo, Antonio"]
[WhiteElo "2276"]
[BlackElo "1651"]
[Result "1-0"]
[PlyCount "33"]
[EventDate "2012.01.26"]

1. e4 d6 2. d4 Nf6 3. Nc3 g6 4. Be3 Bg7 5. Qd2 O-O 6. O-O-O Nbd7 7. Bh6 c5 8.
Bxg7 Kxg7 9. f4 cxd4 10. Qxd4 Kg8 11. Nf3 Qc7 12. e5 dxe5 13. fxe5 Ne8 14. Nd5
Qc5 15. Qxc5 Nxc5 16. Nxe7+ Kh8 17. Rd8 1-0

[Event "XXIX Open Eporediese"]
[Site "Ivrea ITA"]
[Date "2012.02.11"]
[Round "3"]
[White "Razzano, Lorenzo"]
[Black "Bosticardo, Tommaso"]
[WhiteElo "1962"]
[BlackElo "1774"]
[Result "1-0"]
[PlyCount "72"]
[EventDate "2012.01.26"]

1. e4 e5 2. Nf3 Nc6 3. Bb5 Nf6 4. Qe2 Bc5 5. c3 d6 6. d3 O-O 7. Bg5 Qe7 8. Nbd2
Nd8 9. d4 Bb6 10. d5 c6 11. Bd3 h6 12. Bh4 Kh8 13. Nc4 g5 14. Nxg5 hxg5 15.
Bxg5 Rg8 16. h4 Bd7 17. a4 Rc8 18. a5 Bc7 19. Ne3 Rg6 20. Qf3 Kg8 21. Nf5 Qf8
22. Bxf6 Rxf6 23. g4 cxd5 24. exd5 Rb8 25. g5 Rg6 26. Rg1 Bxf5 27. Qxf5 Qe7 28.
Be4 b5 29. h5 Rg7 30. Ke2 b4 31. c4 Nb7 32. g6 fxg6 33. Rxg6 Rf8 34. Rxg7+ Qxg7
35. Qe6+ Kh8 36. Rg1 Qf6 1-0

[Event "XXIX Open Eporediese"]
[Site "Ivrea ITA"]
[Date "2012.02.16"]
[Round "4"]
[White "Bosticardo, Tommaso"]
[Black "Motto, Alexis"]
[WhiteElo "1774"]
[BlackElo "1709"]
[Result "1/2-1/2"]
[PlyCount "88"]
[EventDate "2012.01.26"]

1. d4 d5 2. c4 dxc4 3. e4 Nf6 4. Nc3 e6 5. Bxc4 Bb4 6. e5 Nd5 7. Nge2 c5 8. a3
cxd4 9. axb4 dxc3 10. bxc3 O-O 11. Bxd5 Qxd5 12. Qxd5 exd5 13. O-O Nc6 14. f4
Bg4 15. Ra2 a6 16. Be3 Rfd8 17. Bb6 Rdc8 18. Ng3 d4 19. Bxd4 Nxd4 20. cxd4 Rc4
21. d5 Rxb4 22. Rd2 a5 23. f5 g6 24. fxg6 hxg6 25. Rdf2 Rd4 26. Rxf7 Rxd5 27.
h3 Be6 28. Rxb7 Rxe5 29. Rf6 Bf5 30. Nxf5 gxf5 31. Rbf7 a4 32. Rxf5 Rxf5 33.
Rxf5 a3 34. Rf1 a2 35. Ra1 Kf7 36. Kf2 Ra3 37. g3 Ke6 38. Kg2 Ke5 39. h4 Ke4
40. Kh2 Kf5 41. Kh3 Ra4 42. g4+ Rxg4 43. Rxa2 Rg1 44. Rf2+ Kg6 1/2-1/2

[Event "XXIX Open Eporediese"]
[Site "Ivrea ITA"]
[Date "2012.02.11"]
[Round "4"]
[White "Bozza, Alberto"]
[Black "Gennaro, Isabella"]
[WhiteElo "1589"]
[BlackElo "1632"]
[Result "1/2-1/2"]
[PlyCount "80"]
[EventDate "2012.01.26"]

1. e4 c5 2. Nf3 Nc6 3. d4 cxd4 4. Nxd4 Nf6 5. Nc3 e5 6. Nb3 Bb4 7. Bd2 Bxc3 8.
Bxc3 Nxe4 9. Bxe5 Qe7 10. f4 d6 11. Qe2 Bf5 12. O-O-O dxe5 13. g4 Bxg4 14. Qxg4
Nf2 15. Qxg7 Qf8 16. Qf6 Nxd1 17. Bc4 Rg8 18. Rxd1 Rg6 19. Qf5 Rd8 20. Re1 Rd7
21. a3 a6 22. fxe5 Qh6+ 23. Kb1 Qh4 24. Rf1 Qxc4 25. Re1 Qg4 26. Qf1 Kd8 27.
Nc5 Rd5 28. Nxb7+ Kc7 29. Nd6 Nxe5 30. Ne8+ Kc8 31. Nf6 Rxf6 32. Qxf6 Rd1+ 33.
Rxd1 Qxd1+ 34. Ka2 Qd5+ 35. Kb1 Nc6 36. Qh8+ Kc7 37. Qxh7 Qd1+ 38. Ka2 Qd5+ 39.
Kb1 Qd1+ 40. Ka2 Qd5+ 1/2-1/2

[Event "XXIX Open Eporediese"]
[Site "Ivrea ITA"]
[Date "2012.02.11"]
[Round "4"]
[White "Castaldo, Antonio"]
[Black "Pane, Gabriele"]
[WhiteElo "1651"]
[BlackElo "1538"]
[Result "1/2-1/2"]
[PlyCount "64"]
[EventDate "2012.01.26"]

1. Nf3 Nf6 2. g3 e6 3. Bg2 c5 4. d3 Nc6 5. O-O Be7 6. e4 b6 7. Nc3 Bb7 8. Ne1
d5 9. exd5 Nxd5 10. Ne4 O-O 11. Bd2 f5 12. Nc3 Nxc3 13. Bxc3 Bf6 14. Bxf6 Qxf6
15. Rb1 Rab8 16. Nf3 Ne5 17. Re1 Nxf3+ 18. Bxf3 Bxf3 19. Qxf3 Rf7 20. Qe3 Re7
21. Qe5 Qxe5 22. Rxe5 Rd8 23. Rbe1 Kf7 24. Kg2 Rd5 25. Rxd5 exd5 26. Rxe7+ Kxe7
27. Kf3 Kf6 28. h4 Ke5 29. Ke3 d4+ 30. Kf3 b5 31. b3 h6 32. h5 b4 1/2-1/2

[Event "XXIX Open Eporediese"]
[Site "Ivrea ITA"]
[Date "2012.02.16"]
[Round "4"]
[White "Chiarotto, Filippo"]
[Black "Bellafiore, Enzo"]
[WhiteElo "2082"]
[BlackElo "1798"]
[Result "1-0"]
[PlyCount "65"]
[EventDate "2012.01.26"]

1. e4 e6 2. d4 d5 3. Nc3 dxe4 4. Nxe4 Bd7 5. Nf3 Bc6 6. Bd3 Nd7 7. O-O Ngf6 8.
Ng3 Be7 9. Bd2 Bxf3 10. Qxf3 c6 11. Rfe1 O-O 12. c4 Re8 13. Rad1 Qb6 14. Bc1
Rad8 15. a3 a5 16. h4 Kh8 17. c5 Qb3 18. Qe2 b5 19. Ne4 Qd5 20. Ng5 Kg8 21. g3
h6 22. Ne4 Bf8 23. Bf4 a4 24. g4 h5 25. Nxf6+ Nxf6 26. g5 Ng4 27. Be4 Qd7 28.
f3 e5 29. dxe5 Bxc5+ 30. Kg2 Qe6 31. fxg4 hxg4 32. Qc2 Ba7 33. Bf5 1-0

[Event "XXIX Open Eporediese"]
[Site "Ivrea ITA"]
[Date "2012.02.16"]
[Round "4"]
[White "Giachino, Adriano"]
[Black "Bogatto, Mario"]
[WhiteElo "1664"]
[BlackElo "1423"]
[Result "0-1"]
[PlyCount "90"]
[EventDate "2012.01.26"]

1. e4 g6 2. d4 Bg7 3. Nf3 c6 4. Nc3 d5 5. e5 Nh6 6. Bd3 Bg4 7. Bf4 Nf5 8. Be2
e6 9. Qd2 Bxf3 10. Bxf3 h6 11. g4 Ne7 12. O-O-O Ng8 13. h4 Qe7 14. Qe2 b5 15.
Bd2 a5 16. Kb1 Nd7 17. Rde1 Nb6 18. b3 Qa7 19. Bc1 b4 20. Nb5 cxb5 21. Qxb5+
Nd7 22. Bb2 Rb8 23. Qd3 a4 24. c4 bxc3 25. Qxc3 axb3 26. a3 Ne7 27. Bd1 Qb7 28.
f4 O-O 29. f5 Rbc8 30. Qd3 exf5 31. gxf5 Nxf5 32. e6 fxe6 33. Rxe6 Rf6 34. Qe2
Rxe6 35. Qxe6+ Kh7 36. Rg1 Nf8 37. Qe2 Qe7 38. Qf2 Qe4+ 39. Ka1 Bxd4 40. Bxd4
Qxd4+ 41. Qxd4 Nxd4 42. Re1 Nc2+ 43. Bxc2 bxc2 44. Rc1 d4 45. Kb2 d3 0-1

[Event "XXIX Open Eporediese"]
[Site "Ivrea ITA"]
[Date "2012.02.16"]
[Round "4"]
[White "Paonessa, Denis"]
[Black "Agostino, Pietro"]
[WhiteElo "1844"]
[BlackElo "1505"]
[Result "1-0"]
[PlyCount "31"]
[EventDate "2012.01.26"]

1. e4 e5 2. Nf3 d6 3. d4 exd4 4. Nxd4 Nf6 5. Nc3 Qe7 6. Bg5 Nbd7 7. Bd3 Qd8 8.
O-O Be7 9. f4 h6 10. Bh4 O-O 11. Nf5 Nc5 12. Nxe7+ Qxe7 13. Nd5 Qd8 14. Nxf6+
gxf6 15. Qh5 Nxd3 16. Qxh6 1-0

[Event "XXIX Open Eporediese"]
[Site "Ivrea ITA"]
[Date "2012.02.19"]
[Round "4"]
[White "Ranieri, Fabrizio"]
[Black "Razzano, Lorenzo"]
[WhiteElo "2276"]
[BlackElo "1962"]
[Result "1-0"]
[PlyCount "121"]
[EventDate "2012.01.26"]

1. e4 e5 2. d4 exd4 3. Nf3 Nc6 4. Nxd4 Nf6 5. Nxc6 bxc6 6. e5 Qe7 7. Qe2 Nd5 8.
c4 Nb6 9. b3 a5 10. g3 a4 11. Bb2 axb3 12. axb3 Rxa1 13. Bxa1 Qb4+ 14. Nd2 Qa3
15. Qd1 Bb4 16. Bd3 Qa2 17. Bc2 Qa5 18. Ke2 O-O 19. Ne4 d5 20. exd6 cxd6 21.
Qd4 f6 22. Bb2 Re8 23. Kd1 Qe5 24. Kc1 Qxd4 25. Bxd4 Na8 26. Kb2 d5 27. cxd5
cxd5 28. Nc3 Bg4 29. Ra1 Nc7 30. Bb6 Bxc3+ 31. Kxc3 Ne6 32. Ra4 Bf3 33. b4 Rc8+
34. Kb2 Rb8 35. Ba7 Rb7 36. Ka3 Ng5 37. Be3 Ne4 38. Ra8+ Kf7 39. Ra7 Rxa7+ 40.
Bxa7 Nd6 41. Ka4 h5 42. Bd4 Be2 43. Ka5 Ke7 44. Kb6 Nc4+ 45. Kc5 Bf3 46. b5 Kd7
47. b6 Kc8 48. Ba4 Na5 49. Kd6 Kb7 50. Ke6 Nc4 51. Bb3 Nxb6 52. Bxb6 Kxb6 53.
Bxd5 Bg4+ 54. Kf7 Kc5 55. Bb7 Kd4 56. Kxg7 f5 57. Kg6 Kd3 58. f3 Bh3 59. Kxh5
Ke3 60. f4 Kf2 61. Kh4 1-0

[Event "XXIX Open Eporediese"]
[Site "Ivrea ITA"]
[Date "2012.02.23"]
[Round "5"]
[White "Bellafiore, Enzo"]
[Black "Bosticardo, Tommaso"]
[WhiteElo "1798"]
[BlackElo "1774"]
[Result "0-1"]
[PlyCount "60"]
[EventDate "2012.01.26"]

1. d4 d5 2. Bf4 Nf6 3. e3 c5 4. c3 Nc6 5. Nf3 Qb6 6. Qb3 c4 7. Qxb6 axb6 8. Na3
Ra5 9. Be2 e6 10. Nc2 b5 11. Bc7 Ra4 12. b3 Ra6 13. Nd2 Be7 14. bxc4 bxc4 15.
O-O O-O 16. e4 Bd7 17. Rfb1 Rfa8 18. Rb2 Bc8 19. Bf4 Nd7 20. exd5 exd5 21. Bf3
Nb6 22. Ne3 Be6 23. Bc7 Na4 24. Rc2 Rc8 25. Bf4 Rd8 26. Rb1 Rd7 27. Rb5 Na7 28.
Rb1 Ra5 29. Nd1 Bf5 30. Be4 Bxe4 0-1

[Event "XXIX Open Eporediese"]
[Site "Ivrea ITA"]
[Date "2012.02.23"]
[Round "5"]
[White "Chiarotto, Filippo"]
[Black "Ranieri, Fabrizio"]
[WhiteElo "2082"]
[BlackElo "2276"]
[Result "0-1"]
[PlyCount "70"]
[EventDate "2012.01.26"]

1. e4 e6 2. d4 d5 3. Nc3 Nf6 4. e5 Nfd7 5. f4 c5 6. Nf3 Nc6 7. Be3 a6 8. Qd2 b5
9. Be2 cxd4 10. Nxd4 Nxd4 11. Bxd4 Bc5 12. O-O Qb6 13. Rad1 O-O 14. Kh1 Bb7 15.
a3 Bc6 16. Bxc5 Qxc5 17. Qd4 Rfb8 18. Qxc5 Nxc5 19. Rd4 Nd7 20. Nd1 a5 21. b3
b4 22. a4 Rc8 23. Ne3 Bb7 24. Bb5 Nf8 25. Kg1 Ba6 26. Bxa6 Rxa6 27. Rfd1 Rac6
28. Kf2 Nd7 29. Ke2 h6 30. Nc4 Rc5 31. R1d2 R8c7 32. Kd1 f6 33. exf6 Nxf6 34.
Ne5 Ne4 35. f5 exf5 0-1